000 00417nam a2200169 i 4500
001 bg
100 1 _aDEMKOWICZ, Leszek
245 0 _aAdaptacyjne metody elementów skończonych /
_cL. Demkowicz.
260 _aKraków,
_c1986.
490 1 _aMonografia ;
_v46
830 _aMonografia ;
040 _cBPK
041 _apol
080 _a62:517.9:519.6
942 _cKS
008 s pl f |000 0 pol
999 _c23470
_d23470
856 _uhttp://koha.tu.koszalin.pl/cgi-bin/koha/opac-detail.pl?biblionumber=23470
_yKatalog online BPK